| 000 | 00000nam##2200000za#4500 |
| 001 | 9.625779 |
| 003 | CaOODSP |
| 005 | 20200327184152 |
| 007 | ta |
| 008 | 150406|2001||||xxc||||| f|0| 0 fre|d |
| 020 | |z0-662-86226-0 |
| 040 | |aCaOODSP|bfre |
| 043 | |an-cn--- |
| 086 | 1 |aH113-7/2001-11F |
| 110 | 1 |aCanada.|bSanté Canada. |bAgence de réglementation de la lutte antiparasitaire. |
| 245 | 10|aImidacloprid |
| 260 | |aOttawa - Ontario : |bSanté Canada. |c2001. |
| 300 | |a11p. : |btableaux ; |c28 cm. |
| 490 | 1 |aNote réglementaire |vREG 2001-11 |
| 500 | |a«La présente note réglementaire donne un résumé des décisions prises et des principes qui sont à la base des décisions réglementaires concernant ces produits. L'évaluation continue des données, incluant les études effectuées au Canada, a confirmé les propriétés intrinsèques de l'imidacloprid caractérisées dans l'évaluation initiale et justifie la démarche judicieuse adoptée par l'ARLA en matière d'extension du profil d'emploi de l'imidacloprid.»--Page 1. |
| 520 | 3 |aLa présente note réglementaire donne un résumé des décisions prises et des principes qui sont à la base des décisions réglementaires concernant ces produits. L'évaluation continue des données, incluant les études effectuées au Canada, a confirmé les propriétés intrinsèques de l'imidacloprid caractérisées dans l'évaluation initiale et justifie la démarche judicieuse adoptée par l'ARLA en matière d'extension du profil d'emploi de l'imidacloprid.--Page 1 |
| 563 | |aCouverture souple |
| 590 | |a01-38|b2001-09-21 |
| 691 | 07|aInsecticide|2gcpds |
| 775 | 08|tImidacloprid |w(CaOODSP)9.615755 |
| 776 | 0#|tImidacloprid |w(CaOODSP)9.603028 |
| 830 | #0|aNote réglementaire ;|vREG 2001-11|w(CaOODSP)9.513063 |